Negra espalda del tiempo

Zapisane w:
Opis bibliograficzny
1. autor: Marías, Javier
Format: Książka
Język:Spanish
Wydane: Madrid, España Alfaguara 1998
Hasła przedmiotowe:
Etykiety: Dodaj etykietę
Nie ma etykietki, Dołącz pierwszą etykiete!

MARC

LEADER 00000nam a2200000Ia 4500
008 170316s9999 xx 000 0 spa d
999 |c 30874  |d 30874 
040 |a cru BVZT 
090 |a 862 M-13.1n 
100 |a Marías, Javier 
245 |a Negra espalda del tiempo 
260 |a Madrid, España 
260 |b Alfaguara 
260 |c 1998 
300 |a 405 páginas  
650 |a LITERATURA ESPAÑOLA  |9 23 
650 |a NOVELA  |9 13 
942 |c 15 D  |h 862 M-13.1n  |2 z